Put a Face to That Name (Movie Villains) Quiz Stats

 Plays Quiz Updated Oct 16, 2018

Score 0/20 Timer 05:00
0 Plays Today
Question Answer Wrong Answers
The Wicked Witch of the West Wicked Witch
99.5%
Green Goblin
0.1%
The Grinch
0.2%
The Mask
0.1%
Freddy Krueger Freddy
97.4%
Chucky
0.5%
(The Hills Have Eyes)
0.8%
Deadpool
0.8%
Hannibal Lecter Hannibal
97%
'Blood Shake' music video
0.7%
Bane
1.2%
The Man in the Iron Mask
0.7%
Jason Voorhees Jason
90.6%
Michael Myers
4.2%
Man in the Mask
2.1%
Craig
1.6%
Nurse Ratched Ratched
90.1%
Annie Wilkes
2.1%
Nurse Miranda
1.5%
Yamazaki Asami
4.5%
HAL 9000 Hal
86.1%
(Terminator Genysis)
5.9%
Agent Smith
3.9%
(Terminator: The Sarah Connor Chronicles)
3%
Norman Bates Norman
86.1%
T. R. Devlin
1.9%
Roat
8.2%
Dr. Jekyll
3.2%
Dolores Umbridge Dolores
85%
Cruella de Vil
3.6%
Marissa Wiegler
5.2%
Miranda Priestly
5.5%
Annie Wilkes Annie
79.2%
Pamela Voorhees
6.7%
Carrie White
4.8%
Nurse Ratchet
7.8%
Hans Gruber Hans
78.5%
Thomas Gabriel
2.4%
Simon Gruber
6.5%
William Stuart
10.6%
Anton Chigurh Anton
78.3%
Navajas
8.8%
The Driver
3.7%
Vincent
6.9%
Michael Myers Michael
73.8%
(The Purge)
1.9%
Jason Voorhees
15.9%
Mike Myers
7.8%
Leatherface Leatherface
68.3%
Ghostface
0.8%
Jason Voorhees
9.1%
Scarecrow
20.6%
Ra's al Ghul Ra's
66.5%
Saruman
6.2%
Zod
11.7%
Trevor Slattery
13.1%
Roy Batty Roy
57.1%
Andy Dufresne
7.3%
John Rooney
25.7%
Ivan Drago
7.5%
Alex Forrest Alex
56%
Carrie White
7%
Selina Kyle
12%
Catherine Tramell
22.4%
Max Cady Max
54.5%
'Verbal Kint'
12%
Carlito Brigante
13.2%
Norman Stansfield
18.5%
Frank Booth Frank
38.7%
Gordon Gekko
10.9%
Nathan R. Jessup
25.1%
Captain Koons
22.5%
Harry Powell Harry
35.8%
Philip Raven
20.1%
Carwood
14.1%
Hans Beckert
27.7%
Doctor Mabuse Mabuse
28.4%
Victor Frankenstein
23%
Doctor Caligari
21.5%
Henry Jekyll
23.9%

You're not logged in!

Compare scores with friends on all Sporcle quizzes.
OR
Log In

Show Comments

Extras

Top Quizzes Today


Score Distribution

Your Account Isn't Verified!

In order to create a playlist on Sporcle, you need to verify the email address you used during registration. Go to your Sporcle Settings to finish the process.

Report this User

Report this user for behavior that violates our Community Guidelines.

Details: